|
|
|
|
| LEADER |
02057nam a2200517 a 4500 |
| 001 |
nkc20061663473 |
| 003 |
CZ PrNK |
| 005 |
20061020110524.0 |
| 007 |
ta |
| 008 |
060718s2006 xr ak f f 000 0 cze |
| 015 |
|
|
|a cnb001663473
|
| 020 |
|
|
|a 80-86881-06-7
|q (váz.)
|
| 035 |
|
|
|a (OCoLC)85551356
|
| 040 |
|
|
|a OLA001
|b cze
|d ABA001
|
| 043 |
|
|
|a e-xr---
|
| 072 |
|
7 |
|a 502
|x Životní prostředí a jeho ochrana
|2 Konspekt
|9 2
|
| 080 |
|
|
|a 502.17
|2 MRF
|
| 080 |
|
|
|a 34
|2 MRF
|
| 080 |
|
|
|a 349.6
|2 MRF
|
| 080 |
|
|
|a 502:338.23
|2 MRF
|
| 080 |
|
|
|a 502.13
|2 MRF
|
| 080 |
|
|
|a (437.3)
|2 MRF
|
| 080 |
|
|
|a (035)
|2 MRF
|
| 100 |
1 |
|
|a Tichotová, Přibyslava
|7 ola2003191799
|4 aut
|
| 245 |
1 |
0 |
|a Průvodce ochranou životního prostředí :
|b příručka pro průmyslové podniky, obchodní organizace, podniky služeb, občanská sdružení, obce a další subjekty zabývající se ochranou životního prostředí /
|c Přibyslava Tichotová
|
| 250 |
|
|
|a 4., dopl. vyd.
|
| 260 |
|
|
|a Praha :
|b Ekotip,
|c 2006
|
| 300 |
|
|
|a 360 s. :
|b il., formuláře ;
|c 21 cm
|
| 504 |
|
|
|a Obsahuje bibliografické odkazy
|
| 650 |
0 |
7 |
|a ochrana životního prostředí
|7 ph115553
|z Česko
|2 czenas
|
| 650 |
0 |
7 |
|a ochrana životního prostředí
|7 ph115553
|x právní aspekty
|2 czenas
|
| 650 |
0 |
7 |
|a právo životního prostředí
|7 ph115918
|z Česko
|2 czenas
|
| 650 |
0 |
7 |
|a environmentální politika
|7 ph119960
|z Česko
|2 czenas
|
| 650 |
0 |
7 |
|a environmentální management
|7 ph114478
|z Česko
|2 czenas
|
| 650 |
0 |
9 |
|a environmental protection
|z Czechia
|2 eczenas
|
| 650 |
0 |
9 |
|a environmental protection
|x legal aspects
|2 eczenas
|
| 650 |
0 |
9 |
|a environmental law
|z Czechia
|2 eczenas
|
| 650 |
0 |
9 |
|a environmental policy
|z Czechia
|2 eczenas
|
| 650 |
0 |
9 |
|a environmental management
|z Czechia
|2 eczenas
|
| 655 |
|
7 |
|a příručky
|7 fd133209
|2 czenas
|
| 655 |
|
9 |
|a handbooks and manuals
|2 eczenas
|
| 910 |
2 |
|
|a BOA001
|b 2-1173.165
|
| 990 |
|
|
|a BK
|
| 995 |
|
|
|a 01
|
| 991 |
|
|
|b 200608
|c NOV
|
| 996 |
6 |
|
|b 2610286708
|c 2-1173.165
|l MZK
|r Sklad / do 1 hodiny
|n 0
|p p.v.
|w 000823505
|u 000010
|a 1
|e BOA001
|j MZK50
|s P
|